| 000 | 00650nam a2200205 a 4500 | ||
|---|---|---|---|
| 005 | 20210223131013.0 | ||
| 008 | 090601s1999 es r 000 0 spa d | ||
| 020 | _a840803216X | ||
| 035 | _aUPN01000170825 | ||
| 049 | _aCG | ||
| 050 | 4 |
_aD421 _bH5.7 |
|
| 245 | 0 | 0 |
_aHistoria oxford del Siglo XX / _ced. Michael Howard ; tr. de Cristina Pagés . |
| 260 |
_aBarcelona, Esp. : _bPlaneta, _c1999. |
||
| 300 |
_a719 p. : _bil. |
||
| 440 | 0 | _aDocumento | |
| 534 |
_pTitulo original: _tThe oxford history of the twentieth century |
||
| 650 | 4 |
_aHISTORIA MODERNA - _ySIGLO XX _914204 |
|
| 700 | 1 |
_aHoward, Michael Eliot,, _d1922- , _eed. |
|
| 905 | _aLibro | ||
| 999 |
_c142930 _d142930 |
||